|
|
|
|
| LEADER |
00000cam a2200000 7i4500 |
| 001 |
0000059513 |
| 005 |
20090520093000.0 |
| 008 |
081023s200u my may |
| 020 |
|
|
|a 9789831974292
|
| 020 |
|
|
|a 9831974298
|
| 090 |
0 |
0 |
|a SB294.M3
|b S98
|
| 100 |
1 |
|
|a Syukur, Cheppy ,
|d 1961- ,
|e author
|
| 245 |
1 |
0 |
|a Pembiakan tanaman herba
|c Cheppy Syukur ; adaptasi Nor Faridah Sharuddin
|
| 260 |
|
|
|a Kuala Lumpur :
|b Synergy Media ,
|c [200-?]
|
| 300 |
|
|
|a 134 p. :
|b ill. ;
|c 23 cm.
|
| 440 |
|
0 |
|a Ramuan tradisional untuk kesihatan
|
| 505 |
0 |
|
|a 1. Prospek perusahaan tanaman herba di Malaysia -- 2. Faktor penentu keberhasilan tanaman herba -- 3. Teknik-teknik pembiakan tanaman herba -- 4. Pembiakan tanaman herba secara komersial -- 5. Kaedah pemasaran hasil daripada pembiakan tanaman herba -- 6. Analisis kewangan perusahaan tanaman herba
|
| 650 |
|
0 |
|a Herbs
|
| 650 |
|
0 |
|a Materia medica, Vegetable
|
| 650 |
|
0 |
|a Medicinal plants
|z Malaysia
|
| 700 |
0 |
|
|a Nor Faridah Sharuddin ,
|e author
|
| 999 |
|
|
|a 1000121218
|b Book
|c OPEN SHELF (30 DAYS)
|e Tembila Campus
|